000 00601nam a2200217 a 4500
001 17882
003 CO-ViMGA
008 141112s2004 ck r 000 u spa d
020 _a9580441464
040 _aCO-ViMGA
_bspa
_cCO-ViMGA
082 0 4 _aMAHr
100 1 _aMahy, Margaret
_925298
245 1 0 _aEl rescate con el chicle y otras historias
260 _aBogotá,
_cNorma,
_c1998
300 _a134.p.
490 _aTorre de papel
650 1 4 _aCUENTOS INFANTILES
_92743
650 1 4 _aCUENTOS INFANTILES NEOZELANDESES
_925299
650 1 4 _aLADRONES - CUENTOS INFANTILES
_925300
942 _2ddc
_cBK
999 _c27291
_d27291